header

The People's peace process in Northern Ireland (Record no. 75241)

MARC details
000 -LEADER
fixed length control field 01105nam a2200277Ia 4500
100 1# - MAIN ENTRY--AUTHOR NAME
Personal name Irwin, Colin,
245 14 - TITLE STATEMENT
Title The People's peace process in Northern Ireland
260 ## - PUBLICATION, DISTRIBUTION, ETC. (IMPRINT)
Place of publication New York, N.Y. :
Name of publisher Palgrave Macmillan,
Year of publication 2003.
300 ## - PHYSICAL DESCRIPTION
Number of Pages 355 p.
650 #0 - SUBJECT ADDED ENTRY--TOPICAL TERM
Topical Term Peace movements
856 40 - ELECTRONIC LOCATION AND ACCESS
Uniform Resource Identifier http://site.ebrary.com/lib/rucke/Doc?id=10044854

No items available.

© 2026 Rongo University
Contact us: librarian | system librarian | Rongo university